00351nam a2200109Ia 4500008004100000082001500041100001600056245003000072260004100102630001800143650008000161211109s9999||||xx |||||||||||||| ||und|| a954bBAS-I aBasham, A L 0aIndia:The Wonder That Was bCurrent BooksaKottayam Bn 795c1967 xGENERAL STACK aHistory & geographyvHistory of Asia; Far EastxSouth Asia: India Generalia